000 01023cam a22002651 4500
001 gs 36000124
003 DLC
005 20260227111340.0
008 780120s1936 dcuaf 000 0 eng c
010 _ags 36000124
035 _a(OCoLC)3572335
040 _aU.S. Geological Survey
_cUU
_dDLC
042 _apremarc
050 0 0 _aQE75
_b.B9 no. 865
086 0 _aI19.3:865
100 1 _aBaker, Arthur A.
_q(Arthur Alan),
_d1897-
245 1 0 _aGeology of the Monument valley-Navajo mountain region, San Juan county, Utah,
_cby Arthur A. Baker.
260 _aWashington,
_bU.S. Govt. Print. Off.,
_c1936.
300 _avi, 106 p. incl. illus., tables.
_b17 p. (incl. 2 fold. maps (in pocket) fold. diagrs.)
_c23 cm.
490 0 _aUnited States. Geological survey. Bulletin 865
500 _aAt head of title: United States Department of the Interior.
504 _aBibliographical foot-notes.
650 0 _aGeology
_zUtah
_zSan Juan County.
740 0 _aMonument valley-Navajo mountain region, San Juan county, Utah.
999 _c27255
_d27255